| 000 | 00952nam a22003017a 4500 | ||
|---|---|---|---|
| 001 | 0035419 | ||
| 003 | KOHA_MİRAKIL | ||
| 005 | 20260207002941.0 | ||
| 007 | ta | ||
| 008 | 120213b us |||grd|||#0|||1|eng | | ||
| 020 |
_a006276506 _c3 |
||
| 040 |
_aTR-BiSEU _btur _cTR-BiSEU _erda |
||
| 041 | 0 |
_aeng _afre |
|
| 044 | _cus | ||
| 050 |
_aPC2640 _b.H37 [t.y.] |
||
| 245 | 0 |
_aHarper Collins french dictionary : _bFrench-English and English-French. |
|
| 264 | 1 |
_aChicago : _bFollett Publishing Company _c[t.y.] |
|
| 300 | _aXXII, 1122 sayfa | ||
| 336 |
_ametin _btxt _2rdacontent |
||
| 337 |
_aaracısız _bn _2rdamedia |
||
| 338 |
_acilt _bnc _2rdacarrier |
||
| 650 | 0 |
_aFransız dili--Sözlükler--İngilizce. _967662 |
|
| 650 | 0 |
_aFrench language--Dictionaries--English. _966554 |
|
| 650 | 0 |
_aİngiliz dili--Sözlükler--Fransızca. _967663 |
|
| 650 | 0 |
_aEnglish language--Dictionaries--French. _966555 |
|
| 907 | _aSözlük | ||
| 942 |
_2lcc _cBK |
||
| 999 |
_c35325 _d35325 |
||